| 000 | 01239 a2200253 4500 | ||
|---|---|---|---|
| 999 |
_c9180 _d9180 |
||
| 020 | _a019928105X (hc : alk. paper) | ||
| 050 | 0 | 0 | _aK1705 LAB 2005 |
| 245 | 0 | 0 |
_aLabour rights as human rights / _cedited by Philip Alston ; Academy of European Law, European University Institute in collaboration with the Center for Human Rights and Global Justice, New York University School of Law. |
| 264 |
_aOxford: _bOxford University Press, _c2005 |
||
| 300 | _aviii, 253 p. ; | ||
| 440 | 4 | _aThe collected courses of the Academy of European Law ; | |
| 500 | _aIncludes index | ||
| 504 | _aIncludes bibliographical references and index. | ||
| 650 | 0 | _aLabor laws and legislation. | |
| 650 | 0 | _aLabor laws and legislation, International. | |
| 650 | 0 | _aHuman rights. | |
| 700 | 1 | _aAlston, Philip. | |
| 710 | 2 | _aAcademy of European Law (Florence, Italy) | |
| 710 | 2 | _aNew York University. | |
| 856 | 4 | 2 |
_3Publisher description _uhttp://www.loc.gov/catdir/enhancements/fy0640/2004028757-d.html |
| 856 | 4 | 1 |
_3Table of contents only _uhttp://www.loc.gov/catdir/enhancements/fy0640/2004028757-t.html |
| 856 | 4 | 2 |
_3Contributor biographical information _uhttp://www.loc.gov/catdir/enhancements/fy0726/2004028757-b.html |
| 942 |
_2lcc _cBK _h1705 _iLAB _kK |
||